000 00601nam a2200229Ia 4500
003 OSt
005 20230518150638.0
008 210423s2013 xx 000 0 und d
020 _a978-81-8128-318-4
040 _cAL
041 _aeng
082 _a515.353
_223
_b LOGP
100 _aLOGAN (J David)
_9108515
245 _aPartial differential equations Ed 2
250 _a2
260 _aNew York
_bSpringer Verlag
_c2013
300 _axii,209
_bPB
365 _b595
_cINR
650 _aDifferential Equations
_9108516
906 _adifferential ; Ed ; equations ; Partial
942 _2ddc
_cBK
999 _c166841
_d166841